|
|
|
|
| LEADER |
00870nam a2200229 i 4500 |
| 001 |
IT\ICCU\RAV\0017500 |
| 003 |
GR-PaULI |
| 005 |
20210117210628.0 |
| 008 |
18052 s1986 fr ||||g|b ||||| |fre|d |
| 020 |
|
|
|a 2130397379
|
| 040 |
|
|
|b gre
|a GR-PaULI
|c GR-PaULI
|e AACR2
|
| 082 |
0 |
4 |
|2 23
|a 842
|
| 100 |
1 |
|
|a Berthier, Patrick.
|9 169069
|e συγγραφέας
|
| 245 |
1 |
3 |
|a Le theatre au XIXe siecle /
|c Patrick Berthier.
|
| 246 |
1 |
3 |
|a Le theatre au 19e siecle.
|
| 260 |
|
|
|a Paris :
|b Presses universitaires de France,
|c 1986.
|
| 300 |
|
|
|a 127 σ. ;
|c 18 εκ.
|
| 650 |
|
4 |
|a Θέατρο
|9 49734
|y 19ος αιώνας
|z Γαλλία
|
| 942 |
|
|
|2 ddc
|c BK15
|
| 952 |
|
|
|0 0
|1 0
|2 ddc
|4 0
|6 842_000000000000000_BAR
|7 0
|9 222441
|a THST
|b THST
|d 2018-05-25
|i 004533
|l 0
|o 842 BAR
|p 025000011823
|r 2018-05-25 00:00:00
|t 1
|v 2018.00
|w 2018-05-25
|y BK15
|
| 998 |
|
|
|c ΜΑΝΙΑ
|d 2018-05
|
| 999 |
|
|
|c 134410
|d 134410
|